Country by Water - Statistics

General Stats
  • This quiz has been taken 36 times
  • The average score is 11 of 12
Answer Stats
Hint Answer % Correct
Timor Sea Indonesia
97%
Black Sea Russia
97%
Mekong river China
94%
Bay of Bengal India
94%
Adriatic Sea Italy
94%
Caribbean Mexico
94%
Mediterranean Sea Algeria
91%
Red Sea Saudi Arabia
91%
Lake Victoria Tanzania
91%
Rio de la Plata Argentina
85%
Dead Sea Jordan
85%
Atlantic Ocean Russia
85%
No matching quizzes found
Score Distribution
Percent of People with Each Score
Percentile by Number Answered
Your Score History
You have not taken this quiz